000 00568nam a22001817a 4500
082 _a801.95
_bANJ
100 _aAnjum, Shafiq,
245 _aQawaid-e-Tahqeeq o Tadveen /
_cDr. Shafiq Anjum.
260 _aLahore:
_bKitabi Dunya,
_c2021.
300 _a128p
563 _aHB
650 _aUrdu literature
650 _aTextual criticism
_9129790
880 _6100-01\(3\r
_aقواعدِ تحقیق و تدوین/
880 _6100-02\(3\r
_aڈاکٹر شفیق انجم
880 _6100-03\(3\r
_aلاہور:
_bکتابی دنیا,
_c2021.
942 _2ddc
_cBK
999 _c614325
_d614325